Catalogue de la Bibliothèque de l'ENSA

Computer Vision Technology for Food Quality Evaluation (notice nᵒ 29630)

détails MARC
000 -LEADER
fixed length control field 01795nam a2200229zi 4500
005 - DATE AND TIME OF LATEST TRANSACTION
control field 20171026034748.0
020 ## - ISBN
ISBN 978-0-12-802232-0
037 ## - SOURCE D'ACQUISITION
Cote BC_714 38
Forme de support Broché
040 ## - SOURCE DU CATALOGAGE
Origine cataloguage BC-ENSA
Langue du catalogage fre
041 ## - CODE DE LANGUE
Langue Anglais
080 ## - INDICE DE LA CLASSIFICATION DÉCIMALE UNIVERSELLE
Indice CDU 631
100 ## - VEDETTE PRINCIPALE - AUTEUR PRINCIPAL
Auteur SUN, Da-Wen
245 ## - MENTION DU TITRE
Titre Computer Vision Technology for Food Quality Evaluation
250 ## - MENTION D'ÉDITION
Mention d'édition 2e éd.
260 ## - PUBLICATION, DIFFUSION, ETC. (ADRESSE BIBLIOGRAPHIQUE)
Lieu d'édition London ; Cambridge
Nom de l'éditeur Elsevier Science
Année d'édition 2016
300 ## - DESCRIPTION MATÉRIELLE
Nombre de pages 635 p.
Illustration ill. en coul., couv. ill. en coul.
Format 25 cm
541 ## - NOTE SUR LA SOURCE IMMÉDIATE D'ACQUISITION
Méthode d'acquisition Achat National
562 ## - NOTE D'IDENTIFICATION DES EXEMPLAIRES ET VERSIONS
Numbre d' exemplaire 01 exemplaire
942 ## - ADDED ENTRY ELEMENTS (KOHA)
Type document Ouvrage
520 ## - RÉSUMÉ, ETC.
Résumé Computer Vision Technology for Food Quality Evaluation, Second Edition continues to be a valuable resource to engineers, researchers, and technologists in research and development, as well as a complete reference to students interested in this rapidly expanding field. This new edition highlights the most recent developments in imaging processing and analysis techniques and methodology, captures cutting-edge developments in computer vision technology, and pinpoints future trends in research and development for food quality and safety evaluation and control. It is a unique reference that provides a deep understanding of the issues of data acquisition and image analysis and offers techniques to solve problems and further develop efficient methods for food quality assessment.<br/>Thoroughly explains what computer vision technology is, what it can do, and how to apply it for food quality evaluation<br/>Includes a wide variety of computer vision techniques and applications to evaluate a wide variety of foods<br/>Describes the pros and cons of different techniques for quality evaluation
653 ## - DESCRIPTEUR LIBRE
Mots clés libres ANALYSE D'IMAGE/VISION PAR ORDINATEUR/IMAGERIE/QUALITE DES ALIMENTS/IMAGE LANDSAT/TECHNIQUE D'EVALUATION
Exemplaires
statut de retrait Statut emplacement permanent Localisation actuelle Cote code à barre Koha type d'élément
    Bibliothèque Centrale Bibliothèque Centrale BC_714 38 BC_714 38 Ouvrage

Adresse: Ecole Nationale Supérieure Agronomique Hassen Badi - El Harrach Alger, Algérie

Tél +213 (0) 23 82 85 07+213 (0) 23 82 85 12 Fax +213 23 82 85 03/04 Courriel: bibliotheque@edu.ensa.dz